| Tag |
First Indicator |
Second Indicator |
Subfields |
| LEADER |
00000cas a2200000 a 4500 |
| 001 |
in00000089456 |
| 005 |
20151008063450.0 |
| 008 |
810701c19779999cu fr p 0uuub0spamd |
| 035 |
|
|
|a (OCoLC)07544069
|
| 035 |
|
|
|9 AAK2291AM
|
| 040 |
|
|
|a UIU
|c UIU
|d TXA
|d UtOrBLW
|
| 041 |
0 |
|
|a spa
|b eng
|f eng
|
| 049 |
|
|
|a TXAE
|
| 090 |
|
|
|a TK7800
|b .C5
|
| 092 |
|
|
|a 621.38105
|b CI
|
| 130 |
0 |
|
|a Ciencias tecnicas (Instituto Superior Politecnico "Jose Antonio Echeverria").
|p Ingenieria electronica, automatica y comunicaciones.
|
| 245 |
1 |
0 |
|a Ciencias tecnicas.
|p Ingenieria electronica, automatica y comunicaciones.
|
| 246 |
3 |
0 |
|a Ingenieria electronica, automatica y comunicaciones
|
| 264 |
|
1 |
|a La Habana :
|b Instituto Superior Politecnica "Jose Antonio Echeverria",
|c 1977-
|
| 300 |
|
|
|a volumes :
|b : illustrations ;
|c 23 cm.
|
| 310 |
|
|
|a Semiannual
|
| 336 |
|
|
|a text
|b txt
|2 rdacontent
|
| 337 |
|
|
|a unmediated
|b n
|2 rdamedia
|
| 338 |
|
|
|a volume
|b nc
|2 rdacarrier
|
| 362 |
1 |
|
|a Began with: 1 (agosto 1977)-
|
| 500 |
|
|
|a Title from cover
|
| 500 |
|
|
|a Description based on: 2 (feb. 1978).
|
| 546 |
|
|
|a Summaries in English; table of contents also in English.
|
| 650 |
|
0 |
|a Electronics
|v Periodicals.
|
| 650 |
|
0 |
|a Computer engineering
|v Periodicals.
|
| 710 |
2 |
|
|a Instituto Superior Politécnico "José Antonio Echeverría."
|
| 780 |
0 |
0 |
|t Tecnologia. Serie 3, Ingenieria electrica
|
| 999 |
|
|
|a MARS
|
| 999 |
f |
f |
|s 46a96104-419a-301e-9352-a0b7238853db
|i b9bc9bc3-fc66-386b-b10d-d7e5fd8d366e
|t 0
|
| 952 |
f |
f |
|p ric
|a Texas A&M University
|b Rellis Campus
|c Joint Library Facility
|d Remote Storage
|t 0
|e TK7800 .C5
|h Library of Congress classification
|i unmediated -- volume
|k 2
|l 1978
|m A14834239337
|
| 998 |
f |
f |
|a TK7800 .C5
|s 2 (1978)
|t 0
|l Remote Storage
|